| 000 | 01465nam a2200301 a 4500 | ||
|---|---|---|---|
| 003 | BLK | ||
| 005 | 20250716092343.0 | ||
| 008 | 241212b bu ||||| |||| 00| | bu d | ||
| 020 | _a9786190115083 | ||
| 040 | _aBLK | ||
| 041 |
_aBUL _cBUL |
||
| 080 |
_aБългарска литература _b821.163.2 _x-94 _z821.163.2-94 |
||
| 080 |
_aАктьори, театрални _b792.071.2 _x(497.2)(092)(093.3) _z792.071.2(497.2)(092)(093.3) |
||
| 080 |
_aКиноактьори _b791.44.071.2 _x(497.2)(092)(093.3) _z791.44.071.2(497.2)(092)(093.3) |
||
| 080 |
_aТеатрален и киноактьор. Автор на поезия. _b929 Мавродиев, Стефан Иванов _z929 Мавродиев, Стефан Иванов _9496288 |
||
| 100 |
_9496286 _aПанов, Огнян Иванов _d1952 - _gАвтор на проза |
||
| 245 |
_aСтефан Мавродиев - играещият човек (Homo Lidens) _bжитейска летопис _cОгнян Панов |
||
| 260 |
_9210881 _aСофия _bИзток-Запад _c2024 |
||
| 300 |
_a344 с. _c24 см |
||
| 380 | _aX | ||
| 600 | 0 |
_9291345 _aМавродиев, Стефан Иванов |
|
| 650 | 0 |
_9255582 _aАртисти, български |
|
| 852 |
_cП 886.7-9/П 18 О _bП |
||
| 852 |
_aЦб 326946 _bЦб |
||
| 942 |
_cKNG _n0 _03 |
||
| 944 |
_cГеновева Генчева _k30576 _lЦветомила Тодорова |
||
| 999 |
_c523286 _d523286 |
||